Cơ sở phương pháp luận design
Sách giới thiệu lý luận cơ bản về khoa học tạo dáng, cơ sở phương pháp luận Design và các phương pháp cơ bản cùng một số minh hoạ về quá trình thiết kế sản phẩm
Guardado en:
| Autor principal: | |
|---|---|
| Formato: | Libro |
| Lenguaje: | Undetermined |
| Publicado: |
Hà Nội
Xây dựng
2003
|
| Materias: | |
| Etiquetas: |
Agregar Etiqueta
Sin Etiquetas, Sea el primero en etiquetar este registro!
|
| Thư viện lưu trữ: | Trung tâm Học liệu Trường Đại học Cần Thơ |
|---|
| LEADER | 00792nam a2200205Ia 4500 | ||
|---|---|---|---|
| 001 | CTU_102436 | ||
| 008 | 210402s9999 xx 000 0 und d | ||
| 020 | |c 14000 | ||
| 082 | |a 604 | ||
| 082 | |b V115 | ||
| 100 | |a Lê, Huy Văn | ||
| 245 | 0 | |a Cơ sở phương pháp luận design | |
| 245 | 0 | |c Lê Huy Văn | |
| 260 | |a Hà Nội | ||
| 260 | |b Xây dựng | ||
| 260 | |c 2003 | ||
| 520 | |a Sách giới thiệu lý luận cơ bản về khoa học tạo dáng, cơ sở phương pháp luận Design và các phương pháp cơ bản cùng một số minh hoạ về quá trình thiết kế sản phẩm | ||
| 650 | |a Creative thinking | ||
| 904 | |i Tuyến; H.Mai | ||
| 980 | |a Trung tâm Học liệu Trường Đại học Cần Thơ | ||